000 01013nas a2200325 4500
001 BR2013000372
003 BR-BrBNA
005 20231205121804.0
007 ta
008 230509b bl.|||p| |||| 00| 00por d
040 _aBR-BrBNA
_bpor
_cBiblioteca Nacional de Agricultura
041 _a(Pt)
072 _aF02
100 1 _aKotz, T.E.
100 1 _aPio, R.
100 1 _aChagas, E.A.
100 1 _aCampagnolo, M.A.
100 1 _aBettiol Neto, J.E.
100 1 _aTadeu, M.H.
245 1 _aÉpoca de coleta das estacas, do uso de fitorregulador de enraizamento e de diferentes tipos de enxertos na produção de mudas de figueira 'Roxo de Valinhos'
650 _aFIGO
650 _aFICUS CARICA
650 _aENRAIZAMENTO
650 _aENXERTO
650 _aESTACA
650 _aÁCIDO INDOLBUTÍRICO
773 0 _tSemina. Ciências Agrárias (Brazil)
_xISSN 1676-546X
_g(Jan-Mar 2011), v. 32(1) p. 31-38
_wBR2013000372
909 _a202311
_bLúcia
_c55
_dLúcia Elande
942 _2AGRIS
_n0
_cANA
999 _c225255
_d225255